000 00741cam a2200205 4500
001 ##L132001
008 051220n1994 000 0 eng u
020 _a0471944343
035 _a(Sirsi) u132001
041 0 _aeng
050 0 4 _a526.982 $2 18
_a628 $2 20
245 0 0 _aEnvironmental remote sensing from regional to global scales
260 _aChichester
_bJohn Wiley
_c1994
300 _axii, 238p.
_c25cm.
520 _aCollection of papers demonstrating the power and flexibility of environmental remote sensing techniques in a variety of contexts and scales.
690 _aENVIRONMENTAL AND LAND CONSULTANCY-GEOMATICS-PHOTOGRAMMETRY AND REMOTE SENSING
700 1 _aFoody, Giles M.
700 1 _aCurran, Paul J.
942 _n0
999 _c104956
_d104956